Społeczne i pedagogiczne uwarunkowania procesu kształcenia i wychowania / (Rekord nr 27957)
| 000 -ETYKIETA REKORDU | |
|---|---|
| podpole kontrolne o stałej długości | 00853nam a2200193 i 4500 |
| 001 - NUMER KONTROLNY REKORDU | |
| pole kontrolne | bg |
| 040 ## - ŹRÓDŁO KATALOGOWANIA | |
| Instytucja, która utworzyła rekord | BPK |
| 041 ## - KOD JĘZYKA | |
| Kod języka tekstu | pol |
| 008 - POLE O STAŁEJ DŁUGOŚCI - DANE KONTROLNE | |
| podpole kontrolne o stałej długości | s pl f |000 0 pol |
| 245 #0 - TYTUŁ/ODPOWIEDZIALNOŚĆ | |
| Tytuł | Społeczne i pedagogiczne uwarunkowania procesu kształcenia i wychowania / |
| Pozostałe elementy strefy tytułu i oznaczenia odpowiedzialności | [red. nauk. Bożena Błahut]. |
| 260 ## - STREFA ADRESU WYDAWNICZEGO | |
| Miejsce wydania | Wrocław : |
| Nazwa wydawcy/dystrybutora | Wydaw. PW, |
| Data publikacji, dystrybucji/powstania dokumentu | 1979. |
| 300 ## - STREFA OPISU FIZYCZNEGO | |
| Objętość | 80 s : |
| Inne cechy fizyczne | rys. ; |
| Rozmiary | 24 cm. |
| 490 1# - STREFA SERII I DOKUMENTU WIELOCZĘŚCIOWEGO - FORMA NIE DO WYSZUKIWANIA | |
| Tytuł i oznaczenie odpowiedzialności serii | Prace Naukowe Instytutu Nauk Społecznych Politechniki Wrocławskiej. Studia i Materiały = |
| -- | Scientific Papers of the Institute of Social Sciences of the Technical University of Wrocław. Studies and Research ; |
| Numeracja w obrębie serii | 10 |
| 500 ## - UWAGI OGÓLNE | |
| Tekst uwagi | Numeracja ser. gł. : 21. |
| 650 #9 - HASŁO PRZEDMIOTOWE W FORMIE NAZWY OGÓLNEJ LUB JEDNOSTKOWEJ | |
| Nazwa ogólna lub geograficzna | Szkolnictwo wyższe |
| 650 #9 - HASŁO PRZEDMIOTOWE W FORMIE NAZWY OGÓLNEJ LUB JEDNOSTKOWEJ | |
| Nazwa ogólna lub geograficzna | Nauczanie |
| Określnik ogólny | efektywność |
| 830 #0 - HASŁO DODATKOWE SERII LUB DOKUMENTU WIELOCZĘŚCIOWEGO - TYTUŁ UJEDNOLICONY | |
| Tytuł ujednolicony | Prace Naukowe Instytutu Nauk Społecznych Politechniki Wrocławskiej. |
| Nazwa części/sekcji dzieła | Studia i Materiały ; |
| Oznaczenie tomu | 10 |
| 856 ## - LOKALIZACJA I DOSTĘP DO ELEKTRONICZNYCH DOKUMENTÓW ZDALNYCH | |
| Link (URL) | http://koha.tu.koszalin.pl/cgi-bin/koha/opac-detail.pl?biblionumber=27957 |
| Tekst linku | Katalog online BPK |
| 942 ## - DODATKOWE ELEMENTY (KOHA) | |
| Typ dokumentu | Książka |
| Wycofany | Status egzemplarza | Uszkodzony | Dostępność | Lokalizacja stała | Lokalizacja bieżąca | Miejsce przechowywania | Sygnatura | Kod kreskowy | Typ dokumentu |
|---|---|---|---|---|---|---|---|---|---|
| Dostępny | Biblioteka Politechniki Koszalińskiej | Biblioteka Politechniki Koszalińskiej | Wypożyczalnia BG | 26274 | 01300628 | Książka |
